Проблемы развития образования в социально-культурном континууме социальной памяти; Дискурс-Пи; № 1

Bibliographische Detailangaben
Parent link:Дискурс-Пи.— , 2001-
№ 1.— 2003.— [С. 92-93]
1. Verfasser: Лойко О. Т. Ольга Тимофеевна
Zusammenfassung:Заглавие с экрана
Режим доступа: по договору с организацией-держателем ресурса
Sprache:Russisch
Veröffentlicht: 2003
Schlagworte:
Online-Zugang:http://elibrary.ru/item.asp?id=23454982
Format: MixedMaterials Elektronisch Buchkapitel
KOHA link:https://koha.lib.tpu.ru/cgi-bin/koha/opac-detail.pl?biblionumber=646622

MARC

LEADER 00000naa0a2200000 4500
001 646622
005 20250122145329.0
035 |a (RuTPU)RU\TPU\network\11758 
035 |a RU\TPU\network\11756 
090 |a 646622 
100 |a 20160309d2003 k||y0rusy50 ca 
101 0 |a rus 
102 |a RU 
135 |a drcn ---uucaa 
181 0 |a i  
182 0 |a b 
200 1 |a Проблемы развития образования в социально-культурном континууме социальной памяти  |f О. Т. Лойко 
203 |a Текст  |c электронный 
300 |a Заглавие с экрана 
320 |a [Библиогр.: с. 93 (2 назв.)] 
333 |a Режим доступа: по договору с организацией-держателем ресурса 
461 |t Дискурс-Пи  |d 2001- 
463 |t № 1  |v [С. 92-93]  |d 2003 
610 1 |a электронный ресурс 
610 1 |a труды учёных ТПУ 
610 1 |a социальная память 
700 1 |a Лойко  |b О. Т.  |c специалист в области культурологии и социальной коммуникации  |c профессор Томского политехнического университета, доктор философских наук  |f 1949-  |g Ольга Тимофеевна  |3 (RuTPU)RU\TPU\pers\24646  |9 10910 
801 2 |a RU  |b 63413507  |c 20160309  |g RCR 
856 4 0 |u http://elibrary.ru/item.asp?id=23454982 
942 |c CF